Object talks on the parables of Jesus. (Record no. 9946)

000 -LEADER
fixed length control field 00590nam a2200193 a 4500
001 - CONTROL NUMBER
control field :::00007731$&:&@@
003 - CONTROL NUMBER IDENTIFIER
control field OkBaRHE
005 - DATE AND TIME OF LATEST TRANSACTION
control field 20000607103339.0
008 - FIXED-LENGTH DATA ELEMENTS--GENERAL INFORMATION
fixed length control field s1984 j 000 0 eng u
040 ## - CATALOGING SOURCE
Transcribing agency
100 1# - MAIN ENTRY--PERSONAL NAME
Personal name Edstrom, Lois.
245 10 - TITLE STATEMENT
Title Object talks on the parables of Jesus.
260 ## - PUBLICATION, DISTRIBUTION, ETC. (IMPRINT)
Place of publication, distribution, etc Cincinnati, OH., :
Name of publisher, distributor, etc Standard Publishing
Date of publication, distribution, etc c1984
300 ## - PHYSICAL DESCRIPTION
Extent 47 p. : illus. ;
Dimensions 22 cm.
650 ## - SUBJECT ADDED ENTRY--TOPICAL TERM
Topical term or geographic name as entry element Jesus Christ
General subdivision Parables
650 ## - SUBJECT ADDED ENTRY--TOPICAL TERM
Topical term or geographic name as entry element Object-teaching
942 ## - ADDED ENTRY ELEMENTS (KOHA)
Source of classification or shelving scheme
Koha item type Books
Copies
Not for loan Full call number Date acquired Damaged status Permanent Location Withdrawn status Copy number Price effective from Lost status Date last seen Barcode Shelving location Koha item type Source of classification or shelving scheme
 BV 1535 .E32010-04-14 RHEMA Bible Training College 12010-04-14 2010-04-147731General StacksBooks